[Event "Chennai op 13th"]
[Site "Chennai"]
[Date "2022.06.20"]
[Round "2"]
[White "Jaivant, R."]
[Black "Rajesh, VAV"]
[Result "1/2-1/2"]
[WhiteElo "1565"]
[BlackElo "2358"]
[PlyCount "141"]
[EventDate "2022.06.19"]
[EventType "swiss"]
[EventRounds "10"]
[EventCountry "IND"]
[SourceTitle "CBM 209 Extra"]
[Source "ChessBase"]
[SourceDate "2022.09.30"]
[SourceVersion "1"]
[SourceVersionDate "2022.09.30"]
[SourceQuality "1"]

1. e4 e5 2. Nf3 Nc6 3. Bc4 Bc5 4. c3 Nf6 5. d4 exd4 6. e5 d5 7. Bb5 Ne4 8. cxd4 Bb6 9. Nc3 0-0 10. Be3 Bg4 11. Be2 f5 12. exf6 Nxf6 13. 0-0 Ne7 14. Ne5 Bxe2 15. Nxe2 Nf5 16. Nf4 Qd6 17. Qa4 Rae8 18. Nfd3 Nxe3 19. fxe3 c5 20. Rae1 c4 21. Qb4 Qc7 22. Nf4 Ba5 23. Qa3 Bxe1 24. Rxe1 a6 25. h4 Rxe5 26. dxe5 Qxe5 27. Qc3 Re8 28. Qxe5 Rxe5 29. Kf2 h6 30. Ng6 Re8 31. Re2 Kf7 32. Nf4 g5 33. hxg5 hxg5 34. Nh3 Kg6 35. Ke1 Ne4 36. Kd1 b5 37. Re1 Nc5 38. Nf2 Rf8 39. Re2 Nd3 40. Ng4 Rf1+ 41. Kc2 Nb4+ 42. Kc3 Nxa2+ 43. Kd4 Kf5 44. Rf2+ Rxf2 45. Nxf2 Nb4 46. g4+ Ke6 47. e4 Nc2+ 48. Kc3 Ne1 49. Kd4 Nf3+ 50. Ke3 Nh2 51. Kd4 dxe4 52. Nxe4 Nxg4 53. Nxg5+ Kd6 54. Ne4+ Kc6 55. b3 cxb3 56. Kc3 Kd5 57. Nd2 Ne5 58. Nxb3 Nc6 59. Nc1 a5 60. Nd3 Ne5 61. Nf4+ Kc6 62. Ne6 Kb6 63. Nd4 Nc6 64. Ne6 a4 65. Nf4 b4+ 66. Kc4 Ka5 67. Nd3 a3 68. Nxb4 Nxb4 69. Kb3 a2 70. Kb2 Ka4 71. Ka1 1/2-1/2

[Event "Madurai Athens of the East op-C 1st"]
[Site "Madurai"]
[Date "2019.08.16"]
[Round "9"]
[White "Jaivant, R."]
[Black "Saketh, B."]
[Result "1-0"]
[WhiteElo "1326"]
[BlackElo "1564"]
[PlyCount "77"]
[EventDate "2019.08.14"]
[EventType "swiss"]
[EventRounds "10"]
[EventCountry "IND"]
[SourceTitle "EXT 2022"]
[Source "ChessBase"]
[SourceDate "2021.10.06"]
[SourceVersion "1"]
[SourceVersionDate "2021.10.06"]
[SourceQuality "1"]

1. e4 c5 2. Nf3 e6 3. d4 cxd4 4. Nxd4 a6 5. c4 Qc7 6. Nc3 Nc6 7. Be3 g6 8. Be2 Bg7 9. Qd2 Nge7 10. h3 0-0 11. h4 Rd8 12. h5 d5 13. Nxc6 bxc6 14. cxd5 exd5 15. exd5 Nxd5 16. Nxd5 Rxd5 17. Qc1 Bf5 18. Bf3 Rd6 19. 0-0 Re8 20. Bf4 Be5 21. Re1 f6 22. Bxe5 fxe5 23. Qc4+ Kg7 24. Qxa6 e4 25. Qc4 Rde6 26. Qc3+ Kg8 27. Bd1 Re5 28. Bb3+ Kg7 29. Rac1 c5 30. Re3 Kh6 31. hxg6 hxg6 32. Bc2 Qd6 33. Re2 Bg4 34. Qe3+ Kg7 35. Rd2 Qf6 36. Ba4 Rh8 37. Rxc5 Reh5 38. Rc7+ Kg8 39. Qb3+ 1-0